| 000 | 00666nam a2200241Ia 4500 | ||
|---|---|---|---|
| 005 | 20260429111927.0 | ||
| 008 | 260429s9999||||xx |||||||||||||| ||und|| | ||
| 020 | _a9780367633219 | ||
| 041 | _aEnglish | ||
| 082 |
_a001.302 _bTER |
||
| 100 | _aTerras, Melissa | ||
| 245 | 0 |
_aDefining digital humanities : _ba reader / _cMelissa Terras |
|
| 250 | _a1st ed. | ||
| 260 |
_aNew York : _bRoutledge, _c2013. |
||
| 300 | _axv, 314 p.; pbk | ||
| 650 | _a Humanities computing | ||
| 650 | _a Information technology | ||
| 650 | _a Research methods | ||
| 650 | _aDigital humanities | ||
| 700 | _a Nyhan, Julianne | ||
| 700 | _a Vanhoutte, Edward | ||
| 942 | _cTB | ||
| 999 |
_c51466 _d51466 |
||